• 首页
  • 本馆介绍
  • 公告通知
  • 最新文献
  • 馆藏检索
  • 电子资源
  • 读者导购
  • 参考咨询
  • 我的图书馆
  • 登录
  • 详细信息显示
  • 放入我的书架
  • 预约/预借图书
  • 作者相关作品
  • 分类相关作品
  • 丛书相关作品
  • 出版社相关作品

书目信息

  • 表格格式
  • 工作单格式
  • 卡片格式
题名:
中国汽车产业发展报告(2010)
    
 
作者: 冯飞 主编
分册:  
出版信息: 北京   社会科学文献出版社  2010.07
页数: 268页
开本: 22cm
丛书名:
单 册:
中图分类: F426.471
科图分类:
主题词: 工业经济--中国
电子资源:
ISBN: 978-7-5097-1584-0
000 00614nam0 2200205 450
001 1170571690
005 20110330193720.77
010    @a978-7-5097-1584-0@dCNY49.00
100    @a20110330d2010 km y0chiy0120 ea
101 0  @achi
102    @aCN@b110000
200 1  @a中国汽车产业发展报告(2010)@Azhong guo qi che chan ye fa zhan bao gao(2010)@f冯飞主编@Ffeng fei zhu bian
210    @a北京@c社会科学文献出版社@d2010.07
215    @a268页@d22cm
300    @a汽车蓝皮书
606 0  @a工业经济@x中国
690    @aF426.471@v5
701  0 @a冯飞@Afeng fei@4主编
801  0 @aCN@bNISOFT@c20110330
905    @aBZT@dF426.471@e5
    
    中国汽车产业发展报告(2010)/冯飞主编.-北京:社会科学文献出版社,2010.07
    268页;22cm
    汽车蓝皮书
    
    ISBN 978-7-5097-1584-0:CNY49.00
    
●
相关链接 在五车中查询图书 在当当中查询图书 在豆瓣中查询图书


正题名:中国汽车产业发展报告(2010)     索取号:F426.471/5         预约/预借

序号 登录号 条形码 馆藏地/架位号 状态 备注
1 751509   2000751509   样本书库/样004架B面5层3列/ [索取号:F426.471/5] 在馆    
2 751510   2000751510   中心书库北库/ 北库017架B面2列6层31/ [索取号:F426.471/5] 在馆    
3 751511   2000751511   中心书库北库/ 北库017架B面2列6层33/ [索取号:F426.471/5] 在馆    
4 751512   2000751512   中心书库北库/ 北库017架B面2列6层32/ [索取号:F426.471/5] 在馆    
5 751513   2000751513   中心书库北库/ 北库017架B面2列6层34/ [索取号:F426.471/5] 在馆    
6 751514   2000751514   中心书库北库/ 北库017架B面2列6层35/ [索取号:F426.471/5] 在馆    
山东省滨州职业学院图书馆 欢迎您!
大连网信软件有限公司© 版权所有